LEADER 01106nam a2200289 i 4500 001 991002447129707536 008 140305s2012 it b 000 0 ita d 020 $a9788837226251 035 $ab14175733-39ule_inst 040 $aDip. di Studi Umanistici$bita 041 0 $aita$beng$bita 245 00$aNuovi ateismi e antiche idolatrie /$cP.G. Grassi ... [et al.] 260 $aBrescia :$bMorcelliana,$cc2012 300 $a382 p. ;$c21 cm 440 0$aHermeneutica [Università degli studi di Urbino] ;$vN.s., 2012 504 $aContiene riferimenti bibliografici 546 $aTesti in italiano con riassunti in inglese e italiano 650 04$aAteismo 650 04$aIdolatria 700 1 $aGrassi, Piergiorgio 787 0 $tHermeneutica (Università degli studi di Urbino 907 $a.b14175733$b02-04-14$c05-03-14 912 $a991002447129707536 945 $aLE005 200 GRA 01.01$g1$i2005000355530$lle005$og$pE27.00$q-$rl$s- $t0$u0$v0$w0$x0$y.i15594464$z05-03-14 996 $aNuovi ateismi e antiche idolatrie$9260184 997 $aUNISALENTO 998 $ale005$b05-03-14$cm$da $e-$fita$git $h0$i0